Warriner's English grammar and composition : (Record no. 11220)

MARC details
000 -LEADER
fixed length control field 00950cam a22003017a 4500
001 - CONTROL NUMBER
control field 16149893
003 - CONTROL NUMBER IDENTIFIER
control field mut
005 - DATE AND TIME OF LATEST TRANSACTION
control field 20240606081153.0
008 - FIXED-LENGTH DATA ELEMENTS--GENERAL INFORMATION
fixed length control field 100323s1982 nyua 001 0 eng d
010 ## - LIBRARY OF CONGRESS CONTROL NUMBER
LC control number 2009441041
020 ## - INTERNATIONAL STANDARD BOOK NUMBER
International Standard Book Number 0153119055
035 ## - SYSTEM CONTROL NUMBER
System control number (OCoLC)ocm30573030
040 ## - CATALOGING SOURCE
Original cataloging agency EXR
Transcribing agency EXR
Modifying agency EYU
-- OCLCQ
-- UPM
-- DLC
042 ## - AUTHENTICATION CODE
Authentication code lccopycat
050 00 - LIBRARY OF CONGRESS CALL NUMBER
Classification number PE1112
Item number .W315 1977
082 04 - DEWEY DECIMAL CLASSIFICATION NUMBER
Classification number 808.042
100 1# - MAIN ENTRY--PERSONAL NAME
Personal name Warriner, John E.
245 10 - TITLE STATEMENT
Title Warriner's English grammar and composition :
Remainder of title complete course /
250 ## - EDITION STATEMENT
Edition statement Heritage ed.
260 ## - PUBLICATION, DISTRIBUTION, ETC.
Place of publication, distribution, etc. New York :
Name of publisher, distributor, etc. Harcourt Brace Jovanovitch,
Date of publication, distribution, etc. c1977.
300 ## - PHYSICAL DESCRIPTION
Extent xxii, 775 p. :
Other physical details ill. ;
Dimensions 21 cm.
500 ## - GENERAL NOTE
General note Includes indexes.
650 #0 - SUBJECT ADDED ENTRY--TOPICAL TERM
Topical term or geographic name entry element English language
General subdivision Grammar.
650 #0 - SUBJECT ADDED ENTRY--TOPICAL TERM
Topical term or geographic name entry element English language
General subdivision Composition and exercises.
906 ## - LOCAL DATA ELEMENT F, LDF (RLIN)
a 7
b cbc
c copycat
d 3
e ncip
f 20
g y-gencatlg
942 ## - ADDED ENTRY ELEMENTS (KOHA)
Source of classification or shelving scheme Library of Congress Classification
Koha item type Books
Holdings
Withdrawn status Lost status Source of classification or shelving scheme Damaged status Not for loan Home library Current library Date acquired Source of acquisition Total checkouts Full call number Barcode Date last seen Date last checked out Price effective from Koha item type
    Library of Congress Classification     Murang'a University of Technology Library Murang'a University of Technology Library 22/07/2017 Donation-BFA 1 PE1112 .W315 1977 009324 30/08/2024 31/10/2018 22/07/2017 Books